La Flaca - Jarabe de Palo - Estadísticas

Estadísticas generales
  • Esta prueba ha sido intentada 298 veces
  • La puntuación promedio es 172 de 209
Estadísticas de respuestas
% Correcto
flaca
98%
la
98%
La
98%
a
96%
A
96%
beso
96%
de
96%
lo
96%
Estribillo Por
96%
un
96%
fuera
95%
fuera,
95%
que
95%
daría
93%
el
93%
ella
92%
ella,
92%
solo
92%
y
92%
Y
92%
uno
91%
aunque
90%
Aunque
90%
Verso En
88%
en
88%
yo
86%
día,
82%
día
82%
vida
82%
bailar
80%
conocí
80%
igual
79%
mujer
79%
mulata
79%
noche,
78%
tremendísima
78%
duerme
76%
Habana,
75%
kilos
73%
nunca
73%
tomar
73%
cuando
72%
pero
72%
sin
71%
cae
70%
cuarenta
70%
dice
70%
hueso,
70%
negro
70%
Una
70%
así
69%
engorda,
69%
engorda
69%
hambre
69%
salsa
69%
cara
68%
engaña,
68%
tasca
68%
palabras
67%
piel
67%
Coral
66%
libras
66%
66%
dos
65%
tras
65%
baja
64%
cerveza
64%
otra,
64%
soles
64%
me
63%
Cien
62%
hablan,
62%
hablan
62%
las
55%
loquito
55%
tiene
55%
como
54%
canción
53%
esta
50%
su
50%
primer
47%
mis
46%
ladito
44%
sábanas
44%
blancas
43%
dormir
41%
ganas
40%
caricias
39%
Porque,
38%
Recordando
38%
brindó
35%
Dios,
35%
enloquezco
30%
Verso Mojé
26%
No se encontraron pruebas coincidentes
Distribución de puntuación
Porcentaje de gente con cada puntuación
Porcentaje por número respondido
Historial de tus puntuaciones
No has intentado esta prueba.